00351nam a2200133 a 4500008004100000020001800041050001500059100002100074245003100095260004700126300001600173350001000189650001800199160426s2013 ||||||||||||||||| || u a9781444190045 aHM 742 Sar aSardar, Ziauddin10aFuturecBy Ziauddin Sardar aUnited KingdombHodder and Stoughtonc2013 a158p.: ill. a12.99 aSOCIAL CHANGE